Music Quiz

Random Music or Song Quiz

Songs Missing Half a Word Quiz Stats

 Plays Quiz Updated May 1, 2018

Challenge
Share
Tweet
Embed
Score 0/30 Timer 04:00
1 Play Today
Half Song Other Half % Correct
Thriller
97.1%
Yellow
89.9%
Sledgehammer
85.6%
Wonderwall
81.4%
Ironic
73.4%
Kiss
71.5%
Iris
69.5%
Jeremy
69.3%
Lola
65.3%
Superstition
63.5%
Rhiannon
61.8%
Waterloo
60.9%
Stan
60.8%
Centerfold
59%
Heroes
58.6%
Half Song Other Half % Correct
Reunited
57.2%
Paranoid
56.1%
Maneater
55.3%
Panama
54.3%
Aqualung
53.9%
Alison
47.1%
Ohio
43.7%
Desire
42.1%
Heaven
38.9%
Dreamlover
38.1%
Superfly
36.8%
Beth
33.3%
Gloria
30.7%
Autobahn
28.1%
Heroin
20.3%

You're not logged in!

Compare scores with friends on all Sporcle quizzes.
Join for Free
OR
Log In

You Might Also Like...

Show Comments

Extras

Top Quizzes Today


Score Distribution

Your Account Isn't Verified!

In order to create a playlist on Sporcle, you need to verify the email address you used during registration. Go to your Sporcle Settings to finish the process.

Report this User

Report this user for behavior that violates our Community Guidelines.

Details: